Estadísticas para Siglo XIV

Haz click aquí para intentar la prueba.

Estadísticas generales

  • Esta prueba ha sido intentada 42 veces
  • La puntuación promedio es 10 de 19

Estadísticas de respuestas

AñoDescripciónRespuesta% Correcto
1347–1351Esta pandemia mata quizás al 40% de la población europeaPeste Negra
93%
1300sEste Movimiento cultural comienza en Florencia, ItaliaRenacimiento
93%
1382John Wycliffe es la primera persona que tradujo este documento al inglésLa Biblia
90%
1370
Tras 100 años de dominio, este grupo de conquistadores extranjeros
es expulsado de China
Mongoles
77%
1325La ciudad azteca de Tenochtitlan se funda en el emplazamiento de esta ciudad actualCiudad de México
73%
1308Este poeta italiano comienza a trabajar en su "Divina Comedia"Dante
73%
1337El comienzo de esta larga guerra entre Inglaterra y FranciaGuerra de los Cien Años
73%
1307Esta orden de caballería es suprimida en Francia y muchos son quemados en la hoguera.Caballeros {Templarios}
70%
1309–1377Los Papas huyen de Roma para vivir en esta ciudad francesaAvignon
50%
1300sEsta orden germánica conquista gran parte de Polonia, Letonia, Lituania y EstoniaOrden {Teutónica}
50%
1377Ricardo II es el último rey inglés que prestó juramento real en este idiomaFrancés
47%
1324Este imperio en el noroeste de África anexa la ciudad de TombuctúMalí
47%
1300sComienza este periodo de enfriamiento global. Duraría 500 años.Pequeña {Edad} {de} {Hielo}
47%
1368Esta dinastía llega al poder en ChinaMing
43%
1356Esta liga de ciudades se forma con el propósito de comerciar
en los mares del Norte y Báltico
Liga {Hanseática}
33%
1328Este rey, llamado en inglés "The Bruce", conduce a Escocia a la independencia de InglaterraRoberto I
23%
1360–Este gobernante "cojo" conquista la mayor parte de Asia Central,
matando al 5% de la población mundial
Tamerlán
20%
1397Primera prueba de este instrumento antecesor del pianoClavecín
13%
Finales de 1300Este autor escribe "Los cuentos de Canterbury"Geoffrey Chaucer
7%

Distribución de puntuación

Porcentaje por número respondido

Porcentaje de gente con cada puntuación

Historial de tus puntuaciones

No has intentado esta prueba.